000 00274nam a2200109 a 4500
001 000033344
005 20200930070207.0
008 110825s1901 000 spa d
245 0 _aLili el sanguinario machetero dominicano.
260 _aCurazao,
_c1901.
999 _c32835
_d32835
040 _aDO-SdBNP